006950000a2200145000450024501980000030000130019865000100021165000280022165000280024965000160027765000300029304100140032311001000033726001120043710aTexto de la Convención sobre el Comercio Internacional de Especies Amenazadas de Fauna y Flora Silvestres firmada en Washington el 3 de marzo de 1973 enmendada en Bonn, el 22 de junio de 1979 ap. 33-3914aCITES14aLegislación ambiental14aPolíticas ambientales14aBiocomercio14aConvenios internacionales0 aEspañol1 aConvención sobre el Comercio Internacional de Especies Amenazadas de Fauna y Flora Silvestres aBonnbConvención sobre el Comercio Internacional de Especies Amenazadas de Fauna y Flora Silvestresc1979